| 000 | 00362nam a2200145Ia 4500 | ||
|---|---|---|---|
| 008 | 150201s2004 xx 000 0 und d | ||
| 082 |
_a617.632 _bP2004R |
||
| 100 | _aROSE,LAUI9S F. | ||
| 245 | _aPERIODONTICS:MEDICINE,SURGERY & IMPLANT | ||
| 250 | _a1ST | ||
| 260 |
_bMOSBY _aNEW DELHI _c2004 |
||
| 300 | _a1-990 | ||
| 650 | _aPERIODONTICS | ||
| 942 |
_2ddc _cBK _04 |
||
| 999 |
_c3343 _d3343 |
||